[Event "Pan American-ch Hybrid U12 31st"]
[Site "Tornelo INT"]
[Date "2021.09.04"]
[Round "4"]
[White "Merida Ceballos, Sebastian"]
[Black "Zapana Huarza, Fabricio Elvis"]
[Result "0-1"]
[WhiteElo "1421"]
[BlackElo "1251"]
[PlyCount "54"]
[EventDate "2021.09.04"]
[EventType "swiss"]
[EventRounds "9"]
[EventCountry "NET"]
[SourceTitle "EXT 2023"]
[Source "ChessBase"]
[SourceDate "2022.10.05"]
[SourceVersion "1"]
[SourceVersionDate "2022.10.05"]
[SourceQuality "1"]

1. e4 d5 2. exd5 Qxd5 3. Nc3 Qa5 4. d4 Nf6 5. Bc4 c6 6. Bd2 Qc7 7. Nf3 Bg4 8. 0-0 e6 9. Re1 Bd6 10. h3 Bh5 11. Bg5 Nbd7 12. d5 cxd5 13. Bxd5 0-0 14. Bb3 Bb4 15. Bd2 Rfd8 16. Ne4 Ne5 17. Nxf6+ gxf6 18. c3 Bxf3 19. gxf3 Rxd2 20. Qc1 Nxf3+ 21. Kg2 Qh2+ 22. Kxf3 Qxh3+ 23. Ke4 f5+ 24. Kf4 Bd6+ 25. Re5 Rxf2+ 26. Kg5 Qg4+ 27. Kf6 Qg6# 0-1

[Event "Pan American-ch Hybrid U12 31st"]
[Site "Tornelo INT"]
[Date "2021.09.04"]
[Round "1"]
[White "Miranda Fernandez, Marcos Manuel"]
[Black "Merida Ceballos, Sebastian"]
[Result "1-0"]
[WhiteElo "1112"]
[BlackElo "1421"]
[PlyCount "53"]
[EventDate "2021.09.04"]
[EventType "swiss"]
[EventRounds "9"]
[EventCountry "NET"]
[SourceTitle "EXT 2023"]
[Source "ChessBase"]
[SourceDate "2022.10.05"]
[SourceVersion "1"]
[SourceVersionDate "2022.10.05"]
[SourceQuality "1"]

1. e4 e6 2. d3 d5 3. Nd2 Nf6 4. Ngf3 c5 5. g3 Nc6 6. Bg2 Be7 7. 0-0 0-0 8. Re1 dxe4 9. dxe4 b6 10. c3 Bb7 11. Qe2 Qc7 12. Nf1 Rad8 13. Bf4 e5 14. Bg5 Nb8 15. Nh4 Nbd7 16. Nf5 Rfe8 17. N1e3 h6 18. Bxh6 gxh6 19. Nxh6+ Kh7 20. Nxf7 Rc8 21. Ng5+ Kg6 22. h4 Nh5 23. Qg4 Ndf6 24. Qf5+ Kh6 25. Ng4+ Kg7 26. Ne6+ Kh8 27. Nxc7 1-0

[Event "Pan American-ch School U11"]
[Site "Medellin"]
[Date "2019.11.16"]
[Round "7.2"]
[White "Giler Moncayo, Boris Antonio"]
[Black "Merida Ceballos, Sebastian"]
[Result "1/2-1/2"]
[WhiteElo "1346"]
[BlackElo "1360"]
[PlyCount "66"]
[EventDate "2019.11.12"]
[EventType "swiss"]
[EventRounds "9"]
[EventCountry "COL"]
[SourceTitle "EXT 2024"]
[Source "ChessBase"]
[SourceDate "2023.10.10"]
[SourceVersion "1"]
[SourceVersionDate "2023.10.10"]
[SourceQuality "1"]

1. c4 e6 2. Nc3 Nf6 3. g3 c5 4. Bg2 Nc6 5. Nf3 Be7 6. d3 d6 7. Rb1 0-0 8. a3 Bd7 9. b4 cxb4 10. axb4 d5 11. b5 Na5 12. Ne5 Qc7 13. Bf4 Nh5 14. Ng6 Nxf4 15. Nxe7+ Kh8 16. gxf4 Rfe8 17. Nexd5 exd5 18. Nxd5 Qd6 19. Qd2 b6 20. Bf3 Qg6 21. Nc7 Nxc4 22. Qc3 Bg4 23. Rg1 Bxf3 24. Rxg6 Rxe2+ 25. Kf1 Nd2+ 26. Kg1 hxg6 27. Re1 Rc8 28. h4 Re7 29. Ra1 Rcxc7 30. Qxd2 Re2 31. Qb4 Rce7 32. Re1 Kh7 33. Qd4 Rb7 1/2-1/2

[Event "Pan American-ch U10"]
[Site "Santiago de Chile"]
[Date "2018.07.27"]
[Round "8"]
[White "Duong, Kevin"]
[Black "Merida Ceballos, Sebastian"]
[Result "1-0"]
[WhiteElo "1576"]
[BlackElo "1222"]
[PlyCount "71"]
[EventDate "2018.07.22"]
[EventType "swiss"]
[EventRounds "9"]
[EventCountry "CHI"]
[SourceTitle "EXT 2022"]
[Source "ChessBase"]
[SourceDate "2021.10.06"]
[SourceVersion "1"]
[SourceVersionDate "2021.10.06"]
[SourceQuality "1"]

1. e4 e6 2. d4 d5 3. exd5 exd5 4. Nf3 Bd6 5. c4 Nf6 6. Nc3 c6 7. Bg5 Be6 8. Rc1 Nbd7 9. Be2 0-0 10. 0-0 h6 11. Bh4 Qc7 12. cxd5 Nxd5 13. Nb5 Qb8 14. Nxd6 Qxd6 15. Bc4 N7b6 16. Bb3 Rfe8 17. Ne5 Nd7 18. Nc4 Qf8 19. Qd3 Nb4 20. Qg3 Bxc4 21. Bxc4 Nb6 22. Bb3 Re2 23. Rce1 Rae8 24. Rxe2 Rxe2 25. f4 Rxb2 26. f5 Nxa2 27. f6 g6 28. Qxg6+ Kh8 29. Bxf7 Nc3 30. Bg8 Qxg8 31. Qxg8+ Kxg8 32. f7+ Kf8 33. Be7+ Kxe7 34. f8Q+ Ke6 35. Qf7+ Kd6 36. Rf6# 1-0

[Event "Pan American-ch U08"]
[Site "San Jose"]
[Date "2017.07.03"]
[Round "4"]
[White "Merida Ceballos, Sebastian"]
[Black "Farhat, Eliseo"]
[Result "0-1"]
[WhiteElo "1187"]
[BlackElo "1003"]
[PlyCount "118"]
[EventDate "2017.07.01"]
[EventType "swiss"]
[EventRounds "9"]
[EventCountry "CRI"]
[SourceTitle "EXT 2022"]
[Source "ChessBase"]
[SourceDate "2021.10.06"]
[SourceVersion "1"]
[SourceVersionDate "2021.10.06"]
[SourceQuality "1"]

1. e4 e6 2. d4 d5 3. e5 c5 4. c3 Nc6 5. Nf3 Bd7 6. Bb5 Qb6 7. Bxc6 Bxc6 8. 0-0 Ne7 9. dxc5 Qxc5 10. Be3 Qb5 11. Qb3 Qa6 12. Nbd2 Ng6 13. c4 Be7 14. Rfc1 0-0 15. cxd5 Bxd5 16. Qd1 b6 17. a3 Qb7 18. Rc2 Rfd8 19. Qe2 Rac8 20. Rac1 Rxc2 21. Rxc2 Qd7 22. h3 Qa4 23. Rc3 f6 24. exf6 Bxf6 25. Rd3 Bxb2 26. Nb1 Bf6 27. Bg5 Bxg5 28. Nxg5 Rc8 29. Rxd5 Nf4 30. Qg4 h5 31. Qf3 exd5 32. Kh2 Rf8 33. g3 Ng6 34. Qxd5+ Kh8 35. Nf7+ Kh7 36. Ng5+ Kh6 37. Nf7+ Rxf7 38. Qxf7 Qc2 39. Qxa7 Qxf2+ 40. Kh1 Qf1+ 41. Kh2 Qxb1 42. a4 Qb2+ 43. Kh1 Ne5 44. Qe7 Qc1+ 45. Kg2 Qd2+ 46. Kf1 Qd1+ 47. Kf2 Nd3+ 48. Ke3 Qe1+ 49. Kxd3 Qxe7 50. Kd4 Qc5+ 51. Kd3 Kg6 52. Ke4 Kf6 53. g4 Qc4+ 54. Kf3 Ke5 55. gxh5 Qe4+ 56. Kf2 Kf4 57. Kf1 Kg3 58. a5 Qe3 59. axb6 Qf2# 0-1